Statistics for States That Beat South Dakota

Click here to take the quiz!

General Stats

  • This quiz has been taken 83 times
  • The average score is 13 of 14

Answer Stats

RankCategoryAnswer% Correct
7Most RectangularColorado | Wyoming | Kansas | North Dakota | New Mexico | Pennsylvania
99%
7Most Corn ProductionIowa | Illinois | Nebraska | Minnesota | Indiana | Kansas
99%
5Lowest PopulationWyoming | Vermont | Alaska | North Dakota
99%
5Lowest Population DensityAlaska | Wyoming | Montana | North Dakota
97%
10Least PrecipitationNevada | Utah | Wyoming | Arizona | New Mexico | Montana | Colorado | North Dakota | Idaho
97%
7Earliest Created National ParkWyoming | Montana | Idaho | California | Washington | Oregon
97%
10Slowest Growing (1960-2019)West Virginia | Pennsylvania | Iowa | New York | Ohio | North Dakota | Rhode Island | Illinois | Michigan
96%
9Largest Margin of Victory for Trump in 2020Wyoming | West Virginia | Oklahoma | North Dakota | Idaho | Arkansas | Kentucky | Alabama
93%
4Largest Non-Great Lakes LakeUtah | Minnesota | Alaska
90%
5Most Workplace Deaths Per CapitaAlaska | North Dakota | Wyoming | West Virginia
86%
10Smallest National Park by AreaMissouri | Arkansas | West Virginia | Indiana | South Carolina | California | Colorado | Ohio | Hawaii
85%
3Highest % GermanWisconsin | North Dakota
82%
3Highest % Native AmericanAlaska | New Mexico
79%
3Lowest % ForestedNorth Dakota | Nebraska
79%

Score Distribution

Percentile by Number Answered

Percent of People with Each Score

Your Score History

You have not taken this quiz